000 00781nam a22002177a 4500
005 20170123162351.0
010 _aA-795103
020 _c100.00
035 _aA-795103
037 _bCen Lib/Ret
040 _aDPL
_bUR
082 _a445
_bف د ا
100 _aفدا علی خاں
_9356
245 _a/ ہندو دھرم
_cفدا علی خاں [اور] ترتیب و تکمیل عبدللہ خاں رامپوری
_hFida Ali Khan
260 _aپٹنہ
_bخدا بخش ورئیےنٹل پبلک لائبریری
_c1995
270 _aخدا بخش ورئیےنٹل پبلک لائبریری
_bپٹنہ
300 _a327p.
_c21cm(Hb)
650 _aاردو ادب
_9137194
650 _a Urdu literature
_9137195
942 _2ddc
_cUR
_h445
_mف د ا
999 _c109289
_d109289